000 00813nam a2200253Ia 4500
003 OSt
005 20220923214101.0
006 a|||||r|||| 00| 0
007 ta
008 220922b |||||||| |||| 00| 0 hin d
024 _a166,918
037 _cTextual
040 _aARTS
_cARTS
_bhin
041 _2hin
_ahin
082 _aO152,1J58:g, J3
100 _aरसखान
245 0 _aरसखानि ग्रंथावली, विश्वनाथप्रसाद मिश्र संपा
246 _aRasakhāni granthāvalī, vishvanāthaprasād mishra sanpā0
250 _aसंस्क0 3
260 _c1964
650 _aहिन्दी साहित्य
_9156264
942 _hO152,1J58:g, J3
_cTEXL
_2CC
999 _c321397
_d321397